000 00551nam a2200193Ia 4500
005 20250508160721.0
008 008 250505s9999 xx 000 0 eng d
037 _aTextual
040 _aFEDL
_beng
_cFEDL
041 _aeng
_2eng
084 _a372, HIL
_qFEDL
100 _aHildebrand Verna
_9140211
245 0 _aIntroduction to early childhood education
260 _aNew York, USA
_bThe Macmillan Company
_c1971
300 _axii,356p
650 _aElementary Education
942 _cTEXL
_h372, HIL
999 _c1366203
_d1366203